Calculadora Humana - Estadísticas

Estadísticas generales
  • Esta prueba ha sido intentada 151 veces
  • La puntuación promedio es 8 de 10
Estadísticas de respuestas
Cálculo Respuesta % Correcto
... / 2 17
100%
... + 55 72
92%
... + 57 129
88%
... - 17 13
78%
... / 3 43
78%
... + 77 120
74%
... / 4 30
73%
... x 6 78
69%
... + 14 92
62%
... / 4 23
52%
No se encontraron pruebas coincidentes
Distribución de puntuación
Porcentaje de gente con cada puntuación
Porcentaje por número respondido
Historial de tus puntuaciones
No has intentado esta prueba.